[Event "28. Klatovy A 2022"]
[Site "Klatovy"]
[Date "2022.07.06"]
[Round "5.24"]
[White "Martirosyan, David"]
[Black "Cecil, Pavel"]
[Result "1-0"]
[WhiteElo "1826"]
[BlackElo "1898"]
[PlyCount "55"]
[EventDate "2022.07.02"]
[EventType "swiss"]
[EventRounds "9"]
[EventCountry "CZE"]

1. e4 e6 2. Nf3 d5 3. Nc3 dxe4 4. Nxe4 Nf6 5. Nxf6+ Qxf6 6. d4 h6 7. Be3 Bd7 8. c3 Bd6 9. Be2 Bc6 10. O-O O-O 11. Qd2 b6 12. Rfe1 Nd7 13. b4 Rfe8 14. c4 Rad8 15. c5 bxc5 16. bxc5 Nxc5 17. dxc5 Bxh2+ 18. Kxh2 Rxd2 19. Bxd2 Rd8 20. Be3 g5 21. Red1 g4 22. Rxd8+ Qxd8 23. Rd1 Qf6 24. Nd4 Qh4+ 25. Kg1 Bd5 26. Bf4 h5 27. Bxc7 Qg5 28. Bd6 1-0

[Event "28. Klatovy A 2022"]
[Site "Klatovy"]
[Date "2022.07.06"]
[Round "5.25"]
[White "Paldus, Jan"]
[Black "Pecka, Jan"]
[Result "1/2-1/2"]
[WhiteElo "1709"]
[BlackElo "1863"]
[PlyCount "96"]
[EventDate "2022.07.02"]
[EventType "swiss"]
[EventRounds "9"]
[EventCountry "CZE"]

1. e4 c5 2. Nf3 d6 3. d4 cxd4 4. Nxd4 Nf6 5. Nc3 g6 6. Be3 Bg7 7. f3 O-O 8. Qd2 Nc6 9. Bc4 Bd7 10. h4 Rc8 11. O-O-O Nxd4 12. Qxd4 Ng4 13. Qxa7 Nxe3 14. Bxf7+ Rxf7 15. Qxe3 Qa5 16. Rd5 b5 17. h5 Be6 18. hxg6 Bxd5 19. Rxh7 Rxc3 20. bxc3 Rf6 21. exd5 Rxg6 22. Rh2 Be5 23. Qe4 Kg7 24. f4 Bf6 25. g4 Qxc3 26. g5 Qa1+ 27. Kd2 Qd4+ 28. Qxd4 Bxd4 29. Kd3 Bc5 30. Rg2 Kf7 31. f5 Rg8 32. g6+ Kf6 33. Ke4 Ra8 34. Kf4 Rxa2 35. g7 Ra4+ 36. Kf3 Ra8 37. g8=Q Rxg8 38. Rxg8 Kxf5 39. Rb8 Ke5 40. Rb7 Kxd5 41. Rxe7 Kc4 42. Re4+ Kc3 43. Re2 Ba3 44. Ke4 Bc1 45. Kd5 Bf4 46. Rg2 Bd2 47. Kxd6 Kxc2 48. Kc5 b4 1/2-1/2

[Event "28. Klatovy A 2022"]
[Site "Klatovy"]
[Date "2022.07.06"]
[Round "5.26"]
[White "Popov, Roman4"]
[Black "Boucek, Vlastimil 1968"]
[Result "1-0"]
[WhiteElo "1826"]
[BlackElo "1756"]
[PlyCount "93"]
[EventDate "2022.07.02"]
[EventType "swiss"]
[EventRounds "9"]
[EventCountry "CZE"]

1. d4 f5 2. Nf3 Nf6 3. g3 e6 4. Bg2 d5 5. c4 Be7 6. O-O O-O 7. b3 c6 8. Ba3 Bxa3 9. Nxa3 Ne4 10. Nc2 Nd7 11. Nce1 Qf6 12. Nd3 g5 13. Nfe5 Qg7 14. Qc2 Nxe5 15. Nxe5 Nf6 16. Qd2 Nd7 17. Nf3 h6 18. Rac1 g4 19. Ne1 Nf6 20. Nd3 Bd7 21. b4 Ne4 22. Qe3 Qg5 23. Qxg5+ Nxg5 24. Ne5 Be8 25. cxd5 exd5 26. b5 Rf6 27. bxc6 bxc6 28. e3 Ne4 29. Bxe4 dxe4 30. Rb1 Re6 31. Rfc1 Kg7 32. Rb7+ Kf6 33. Rc7 a5 34. Nxc6 Ra6 35. Ne5 a4 36. Rh7 Kg5 37. Rcc7 Bb5 38. Nf7+ Kh5 39. Rc5 Be2 40. Rg7 Rf6 41. Ne5 Rab6 42. Rc1 Rb2 43. Nd7 Rd6 44. a3 Ra2 45. h3 Rxa3 46. Rc5 Ra1+ 47. Kh2 1-0

[Event "28. Klatovy A 2022"]
[Site "Klatovy"]
[Date "2022.07.06"]
[Round "5.27"]
[White "Fiser, Jiri2"]
[Black "Rerabek, Jaroslav"]
[Result "1-0"]
[WhiteElo "1800"]
[BlackElo "1721"]
[PlyCount "57"]
[EventDate "2022.07.02"]
[EventType "swiss"]
[EventRounds "9"]
[EventCountry "CZE"]

1. e4 c5 2. Nf3 g6 3. d4 cxd4 4. Nxd4 Bg7 5. c4 Nc6 6. Nc2 Nf6 7. Nc3 O-O 8. Be2 d6 9. O-O Be6 10. Bd2 Rc8 11. Rc1 a6 12. b3 Ne5 13. Ne3 Nc6 14. Kh1 Nd7 15. Bd3 Nf6 16. f4 Bd7 17. Ncd5 h5 18. h3 e6 19. Nxf6+ Bxf6 20. f5 Ne5 21. Bb1 Kg7 22. Bb4 Qb6 23. Qe1 Bg5 24. Bd2 Qd4 25. Rd1 Qb6 26. f6+ Bxf6 27. Rxf6 Kxf6 28. Qf2+ Kg7 29. Nf5+ 1-0

[Event "28. Klatovy A 2022"]
[Site "Klatovy"]
[Date "2022.07.07"]
[Round "6.2"]
[White "Eret, Matous"]
[Black "Hurdzan, Tomas"]
[Result "1/2-1/2"]
[WhiteElo "2273"]
[BlackElo "2317"]
[PlyCount "93"]
[EventDate "2022.07.02"]
[EventType "swiss"]
[EventRounds "9"]
[EventCountry "CZE"]

1. e4 c5 2. Nf3 d6 3. d4 cxd4 4. Nxd4 Nf6 5. Nc3 Nc6 6. Be2 e5 7. Nb3 Be7 8. O-O O-O 9. f4 a5 10. a4 Nb4 11. Kh1 Be6 12. Be3 Rc8 13. Bf3 Re8 14. Rc1 Rxc3 15. bxc3 Na2 16. Ra1 Nxc3 17. Qe1 Nfxe4 18. Nxa5 Qc7 19. Bxe4 Nxe4 20. f5 Bc8 21. Qb4 d5 22. Qb5 Nd6 23. Qxd5 Nxf5 24. Bg1 Bf8 25. Nc4 g6 26. Ne3 Be6 27. Qe4 Nd6 28. Nd5 Bxd5 29. Qxd5 Qxc2 30. Bc5 Qc4 31. Rfd1 Qxd5 32. Rxd5 Ne4 33. Bxf8 Kxf8 34. Rb5 Nd6 35. Rb6 Ke7 36. Kg1 f5 37. a5 Rd8 38. Rd1 Ke6 39. Kf2 e4 40. g3 g5 41. Rc1 Rd7 42. Rc5 h6 43. Ke2 Ke7 44. Re5+ Kf7 45. Rd5 Ke6 46. Rc5 Ke7 47. Re5+ 1/2-1/2

[Event "28. Klatovy A 2022"]
[Site "Klatovy"]
[Date "2022.07.07"]
[Round "6.3"]
[White "Dvorak, Jan"]
[Black "Hausner, Ivan"]
[Result "1-0"]
[WhiteElo "2194"]
[BlackElo "2290"]
[PlyCount "57"]
[EventDate "2022.07.02"]
[EventType "swiss"]
[EventRounds "9"]
[EventCountry "CZE"]

1. d4 Nf6 2. c4 g6 3. Nc3 d5 4. cxd5 Nxd5 5. e4 Nxc3 6. bxc3 Bg7 7. Bc4 O-O 8. Be3 c5 9. Ne2 Nc6 10. Rc1 b6 11. Qd2 e6 12. h4 Qe7 13. h5 Na5 14. Bd3 Bb7 15. Bh6 cxd4 16. Bxg7 Kxg7 17. cxd4 Rac8 18. h6+ Kg8 19. O-O Qh4 20. Ng3 f5 21. Rxc8 Bxc8 22. Rc1 Bb7 23. exf5 exf5 24. Qe3 Qf6 25. Qf4 Nc6 26. Bc4+ Kh8 27. Bd5 Rd8 28. Bxc6 Bxc6 29. Rxc6 1-0

[Event "28. Klatovy A 2022"]
[Site "Klatovy"]
[Date "2022.07.07"]
[Round "6.4"]
[White "Simet, Martin"]
[Black "Vorisek, Jaroslav"]
[Result "1-0"]
[WhiteElo "2155"]
[BlackElo "2270"]
[PlyCount "95"]
[EventDate "2022.07.02"]
[EventType "swiss"]
[EventRounds "9"]
[EventCountry "CZE"]

1. e4 e5 2. Nf3 Nc6 3. Bc4 Bc5 4. c3 Qe7 5. O-O d6 6. a4 a6 7. h3 h6 8. Re1 g5 9. d4 Ba7 10. Qd3 Nf6 11. b4 Nd8 12. b5 a5 13. Ba3 Nd7 14. Nbd2 Ne6 15. Nf1 Nf4 16. Qd1 f6 17. Ne3 Nf8 18. Rb1 Bb6 19. Ba2 Be6 20. c4 N8g6 21. Nf5 Qd7 22. Qc2 exd4 23. N3xd4 Bc5 24. Bb2 Ne5 25. Kh1 O-O-O 26. b6 Ned3 27. bxc7 Rdf8 28. Re3 Nb4 29. Qb3 h5 30. Rd1 Bxf5 31. Nxf5 Kxc7 32. Nxd6 Qc6 33. Nb5+ Kb8 34. Rf3 Rd8 35. Rd5 Nbxd5 36. cxd5 Qb6 37. g3 Nxh3 38. Rxf6 Nxf2+ 39. Kg2 Rhf8 40. Rxb6 Bxb6 41. Be5+ Ka8 42. Nd6 Ka7 43. Nc4 Bc5 44. Nxa5 Rd7 45. Qb5 Nxe4 46. Bb1 Rdf7 47. Bxe4 Rf2+ 48. Kh1 1-0

[Event "28. Klatovy A 2022"]
[Site "Klatovy"]
[Date "2022.07.07"]
[Round "6.6"]
[White "Jun, Rudolf Jr"]
[Black "Jurek, Josef"]
[Result "1/2-1/2"]
[WhiteElo "2134"]
[BlackElo "2200"]
[PlyCount "83"]
[EventDate "2022.07.02"]
[EventType "swiss"]
[EventRounds "9"]
[EventCountry "CZE"]

1. e4 e6 2. d4 d5 3. Nd2 c5 4. dxc5 Bxc5 5. exd5 exd5 6. Ngf3 Nf6 7. Bb5+ Nc6 8. O-O O-O 9. h3 h6 10. c3 a6 11. Bd3 Be6 12. Nb3 Bb6 13. Re1 a5 14. Bf4 a4 15. Nbd4 Bxd4 16. Nxd4 Nxd4 17. cxd4 Qb6 18. Qd2 Ne4 19. Bxe4 dxe4 20. Rxe4 Rfd8 21. Rae1 Bxa2 22. Be5 Be6 23. Rh4 Bf5 24. Qf4 Qg6 25. Re3 f6 26. Bc7 Re8 27. Rg3 Re4 28. Rxg6 Rxf4 29. Rxg7+ Kxg7 30. Rxf4 Be6 31. Bd6 Ra6 32. Be7 Bc4 33. Bb4 Kg6 34. Rg4+ Kf7 35. Rh4 Rb6 36. Ba3 Kg6 37. d5 Bxd5 38. Rxa4 Rb3 39. Rd4 Be6 40. Rd2 b5 41. Bc5 Bc4 42. Bd4 1/2-1/2

[Event "28. Klatovy A 2022"]
[Site "Klatovy"]
[Date "2022.07.07"]
[Round "6.7"]
[White "Kunc, Jan"]
[Black "Formanek, Martin"]
[Result "0-1"]
[WhiteElo "2062"]
[BlackElo "2233"]
[PlyCount "112"]
[EventDate "2022.07.02"]
[EventType "swiss"]
[EventRounds "9"]
[EventCountry "CZE"]

1. e4 c5 2. Nf3 d6 3. Bb5+ Nd7 4. O-O a6 5. Bxd7+ Bxd7 6. d4 cxd4 7. Qxd4 e5 8. Qd3 h6 9. c4 Nf6 10. Nc3 Be7 11. Ne1 O-O 12. Nc2 b5 13. cxb5 axb5 14. Nxb5 Nxe4 15. Ne3 Nc5 16. Qe2 Qb8 17. Nc3 f5 18. Ned5 Bd8 19. Be3 Ne6 20. f3 Bg5 21. b4 Bxe3+ 22. Qxe3 Ra3 23. Qb6 Nd4 24. Qxb8 Rxb8 25. Rab1 Be6 26. Rb2 Kf7 27. Rfb1 Bxd5 28. Nxd5 Ke6 29. Nc7+ Kd7 30. b5 Kxc7 31. b6+ Kb7 32. Rc1 Rc8 33. Rxc8 Kxc8 34. b7+ Kb8 35. Rb6 Ra7 36. Rxd6 Rxb7 37. Rd5 Re7 38. Kf2 Kc7 39. a4 Nc6 40. f4 Rd7 41. Rc5 Rd4 42. fxe5 Rxa4 43. e6 g6 44. e7 Re4 45. h4 h5 46. g3 Kd6 47. Rc4 Rxe7 48. Ra4 Ra7 49. Rc4 Ra3 50. Rc1 Ne5 51. Rc8 Kd5 52. Rg8 Ke4 53. Re8 Ra2+ 54. Kg1 Re2 55. Kf1 Kf3 56. Re6 Re4 0-1

[Event "28. Klatovy A 2022"]
[Site "Klatovy"]
[Date "2022.07.07"]
[Round "6.8"]
[White "Flajsman, Pavel"]
[Black "Kupsa, Matej 2001"]
[Result "1-0"]
[WhiteElo "2177"]
[BlackElo "2079"]
[PlyCount "65"]
[EventDate "2022.07.02"]
[EventType "swiss"]
[EventRounds "9"]
[EventCountry "CZE"]

1. d4 Nf6 2. c4 e6 3. Nc3 d5 4. cxd5 exd5 5. Bg5 Be7 6. e3 O-O 7. Bd3 c6 8. Qc2 h6 9. Bh4 Ne8 10. Bxe7 Qxe7 11. Nge2 Nd6 12. O-O b6 13. b4 Bb7 14. Nf4 g5 15. Nfe2 Nd7 16. Ng3 a5 17. a3 Rfc8 18. Nf5 Nxf5 19. Bxf5 Rc7 20. Nxd5 Qd6 21. Nxc7 Qxc7 22. Rfd1 Qd6 23. Rab1 axb4 24. axb4 Nf6 25. e4 Qe7 26. f3 Rd8 27. Qc3 Ne8 28. b5 cxb5 29. Rxb5 Qf6 30. Qb4 Rd6 31. e5 Qxf5 32. exd6 Qc2 33. Qb3 1-0

[Event "28. Klatovy A 2022"]
[Site "Klatovy"]
[Date "2022.07.07"]
[Round "6.9"]
[White "Janous, Marek"]
[Black "Gernert, Otakar"]
[Result "1/2-1/2"]
[WhiteElo "2175"]
[BlackElo "2039"]
[PlyCount "56"]
[EventDate "2022.07.02"]
[EventType "swiss"]
[EventRounds "9"]
[EventCountry "CZE"]

1. e4 c5 2. Nf3 d6 3. d4 cxd4 4. Nxd4 Nf6 5. Nc3 a6 6. Bg5 e6 7. f4 Be7 8. Qf3 Qc7 9. O-O-O O-O 10. g4 b5 11. Bxf6 Bxf6 12. g5 Bxd4 13. Rxd4 Bb7 14. h4 Nc6 15. Rd1 b4 16. Ne2 d5 17. Ng3 Rac8 18. Rh2 b3 19. a3 bxc2 20. Rd3 Qa5 21. Rxc2 Nb4 22. axb4 Qa1+ 23. Kd2 dxe4 24. Nxe4 Bxe4 25. Qxe4 Qxf1 26. Rxc8 Rxc8 27. Rc3 Rd8+ 28. Rd3 Rc8 1/2-1/2

[Event "28. Klatovy A 2022"]
[Site "Klatovy"]
[Date "2022.07.07"]
[Round "6.10"]
[White "Skola, Miroslav"]
[Black "Lhotska, Anna"]
[Result "0-1"]
[WhiteElo "2086"]
[BlackElo "2113"]
[PlyCount "118"]
[EventDate "2022.07.02"]
[EventType "swiss"]
[EventRounds "9"]
[EventCountry "CZE"]

1. d4 d5 2. Nf3 e6 3. Nbd2 Nf6 4. e3 c5 5. Bb5+ Nc6 6. c3 Bd6 7. Ne5 Qc7 8. f4 O-O 9. O-O Ne7 10. Bd3 Rb8 11. g4 b5 12. g5 Ne8 13. Bxh7+ Kxh7 14. Qh5+ Kg8 15. Rf3 g6 16. Qh3 Bxe5 17. fxe5 Bb7 18. Nb3 c4 19. Nc5 Nf5 20. Bd2 Qe7 21. Qg4 Neg7 22. Kf1 Nh5 23. Ke2 Kg7 24. h4 Bc6 25. a3 Rh8 26. Rh1 Qd8 27. Kd1 Kf8 28. Kc2 Ke7 29. Kc1 Nhg7 30. Rfh3 Rh5 31. R1h2 Ne8 32. Kb1 Qb6 33. Kc1 Nc7 34. Qf4 Na6 35. Nxa6 Qxa6 36. Be1 Qa4 37. Qf2 Qb3 38. Qc2 Qxc2+ 39. Kxc2 Ng7 40. Rh1 Ne8 41. Rf3 Rh7 42. Rfh3 Nc7 43. h5 gxh5 44. Rxh5 Rxh5 45. Rxh5 Rg8 46. Bh4 Rg6 47. Rh8 Be8 48. Kc1 Na6 49. Kc2 Nb8 50. Kc1 Nc6 51. Kc2 Kd7 52. Kc1 Ne7 53. Rh6 Rg7 54. Rh5 Nf5 55. Bf2 Rg6 56. Kd2 Ng7 57. Rh4 Rxg5 58. e4 dxe4 59. Rxe4 Nf5 0-1

[Event "28. Klatovy A 2022"]
[Site "Klatovy"]
[Date "2022.07.07"]
[Round "6.11"]
[White "Turner, Radek"]
[Black "Hulin, Petr"]
[Result "1/2-1/2"]
[WhiteElo "2032"]
[BlackElo "2090"]
[PlyCount "35"]
[EventDate "2022.07.02"]
[EventType "swiss"]
[EventRounds "9"]
[EventCountry "CZE"]

1. c4 b6 2. Nc3 Bb7 3. e4 e6 4. Nf3 c5 5. Bd3 d6 6. Bc2 Nd7 7. O-O a6 8. Qe2 Be7 9. d3 Ngf6 10. Ne1 Qc7 11. f4 h6 12. Nf3 O-O 13. Qf2 Nh7 14. Qg3 Kh8 15. Qh3 Rad8 16. f5 Ne5 17. Bf4 Nxf3+ 18. gxf3 1/2-1/2

[Event "28. Klatovy A 2022"]
[Site "Klatovy"]
[Date "2022.07.07"]
[Round "6.12"]
[White "Palek, Miroslav"]
[Black "Danko, Jiri"]
[Result "1-0"]
[WhiteElo "2125"]
[BlackElo "1837"]
[PlyCount "49"]
[EventDate "2022.07.02"]
[EventType "swiss"]
[EventRounds "9"]
[EventCountry "CZE"]

1. d4 Nf6 2. g3 g6 3. Bg2 d5 4. Nf3 Bg7 5. O-O O-O 6. c4 c6 7. b3 Bg4 8. Ne5 Be6 9. Nc3 Na6 10. Bb2 Qa5 11. c5 Ng4 12. Nxg4 Bxg4 13. h3 Bd7 14. a3 Qd8 15. e3 e5 16. dxe5 Nxc5 17. b4 Na6 18. e4 dxe4 19. Nxe4 Qe7 20. Nf6+ Kh8 21. Qd4 Be6 22. Qh4 h5 23. Bf3 Rfd8 24. Bxh5 Bxf6 25. exf6 1-0

[Event "28. Klatovy A 2022"]
[Site "Klatovy"]
[Date "2022.07.07"]
[Round "6.13"]
[White "Langmajer, Jan"]
[Black "Kopriva, Martin"]
[Result "0-1"]
[WhiteElo "1869"]
[BlackElo "2124"]
[PlyCount "46"]
[EventDate "2022.07.02"]
[EventType "swiss"]
[EventRounds "9"]
[EventCountry "CZE"]

1. e4 c5 2. Nf3 Nc6 3. d4 cxd4 4. Nxd4 Nf6 5. Nc3 d6 6. Be2 e6 7. Be3 Be7 8. Qd2 a6 9. O-O-O O-O 10. Rdg1 Nxd4 11. Qxd4 b5 12. a3 Bb7 13. f3 d5 14. Rd1 Rc8 15. exd5 exd5 16. Na2 Re8 17. Qd2 Qc7 18. Bd3 Nd7 19. Kb1 Bf6 20. Bf5 Qe5 21. Bd4 Qxf5 22. g4 Qg6 23. Bxf6 Qxf6 0-1

[Event "28. Klatovy A 2022"]
[Site "Klatovy"]
[Date "2022.07.07"]
[Round "6.14"]
[White "Jirousek, Jan"]
[Black "Mik, Tomas"]
[Result "1/2-1/2"]
[WhiteElo "2094"]
[BlackElo "1683"]
[PlyCount "145"]
[EventDate "2022.07.02"]
[EventType "swiss"]
[EventRounds "9"]
[EventCountry "CZE"]

1. d4 d5 2. c4 dxc4 3. Nf3 Nf6 4. e3 e6 5. Bxc4 Be7 6. O-O O-O 7. Nc3 c5 8. b3 Nc6 9. dxc5 Bxc5 10. Bb2 a6 11. a3 b5 12. Bd3 Bb7 13. Rc1 Qe7 14. b4 Bd6 15. Ne4 Nxe4 16. Bxe4 Rac8 17. Qe2 Rfd8 18. Rfd1 Ba8 19. h3 h6 20. Rd2 Rc7 21. Rcd1 Rcd7 22. Bxc6 Bxc6 23. Nd4 Bb7 24. Qg4 Be5 25. Nc6 Bxc6 26. Bxe5 f5 27. Rxd7 Rxd7 28. Rxd7 Qxd7 29. Qg6 Bd5 30. Bd4 Bc4 31. Qg3 Kh7 32. Qb8 Bd5 33. Qf8 Kg6 34. h4 h5 35. Qb8 Kh7 36. Qg3 Qf7 37. Qf4 Qg6 38. f3 Qe8 39. Qc7 Qg6 40. Kf2 Bc4 41. Qd6 Kh8 42. Qxa6 f4 43. Qa8+ Kh7 44. Qe4 Qxe4 45. fxe4 fxe3+ 46. Kxe3 Kg6 47. Be5 Kf7 48. Kd4 Bf1 49. g3 g6 50. Kc5 Ke7 51. a4 bxa4 52. b5 Kd7 53. Kb4 Kc8 54. Kxa4 Bd3 55. Ka5 Kb7 56. Kb4 Bxe4 57. Kc5 Bd3 58. Bd4 Bf5 59. Kd6 Bd3 60. b6 Bf5 61. Ke7 Bg4 62. Kf6 Bf5 63. Kf7 Bd3 64. Kxe6 Bf5+ 65. Kf6 Bd3 66. Kg5 Bf5 67. Be3 Bd3 68. g4 hxg4 69. Kxg4 Bf5+ 70. Kg5 Bc2 71. Bf2 Bd3 72. Bc5 Bc2 73. h5 1/2-1/2

[Event "28. Klatovy A 2022"]
[Site "Klatovy"]
[Date "2022.07.07"]
[Round "6.15"]
[White "Kroulik, Vaclav"]
[Black "Stastny, Jakub"]
[Result "1-0"]
[WhiteElo "1749"]
[BlackElo "2023"]
[PlyCount "51"]
[EventDate "2022.07.02"]
[EventType "swiss"]
[EventRounds "9"]
[EventCountry "CZE"]

1. d4 Nf6 2. c4 e5 3. dxe5 Ng4 4. e3 Nxe5 5. Nh3 Nbc6 6. Nf4 d6 7. Nc3 g6 8. b3 Bg7 9. Bb2 O-O 10. Be2 Bd7 11. O-O a5 12. Qd2 Nb4 13. Rad1 Bc6 14. a3 Na6 15. Nfd5 Nc5 16. Qc2 Re8 17. Rfe1 b6 18. f4 Ned7 19. Bf3 Rc8 20. Ne7+ Rxe7 21. Bxc6 Ne6 22. Nd5 Nb8 23. Bb7 Re8 24. Bxc8 Qxc8 25. Bxg7 Kxg7 26. Qc3+ 1-0

[Event "28. Klatovy A 2022"]
[Site "Klatovy"]
[Date "2022.07.07"]
[Round "6.16"]
[White "Strnad, Jakub"]
[Black "Flajsman, Petr"]
[Result "1-0"]
[WhiteElo "1994"]
[BlackElo "1809"]
[PlyCount "79"]
[EventDate "2022.07.02"]
[EventType "swiss"]
[EventRounds "9"]
[EventCountry "CZE"]

1. e4 c5 2. Nf3 d6 3. d4 cxd4 4. Nxd4 Nf6 5. Nc3 a6 6. Be2 e5 7. Nb3 Be6 8. O-O Be7 9. Be3 O-O 10. Nd5 Bxd5 11. exd5 Nbd7 12. c4 b6 13. Rc1 Ne4 14. f3 Nec5 15. Nd2 a5 16. f4 f5 17. Nf3 Bf6 18. Qc2 g6 19. b3 Qe7 20. Rce1 Qg7 21. g4 e4 22. Ng5 Bd4 23. Qc1 Bb2 24. Qd1 Rae8 25. gxf5 gxf5 26. Kh1 Kh8 27. Bh5 Re7 28. Rg1 Qh6 29. Rg2 Bg7 30. Rg3 Qf6 31. Reg1 Rg8 32. Bd4 Qf8 33. Nxh7 Qd8 34. Bg6 Bxd4 35. Qxd4+ Ne5 36. fxe5 dxe5 37. Qd1 Rxg6 38. Qh5 Rxh7 39. Qxg6 Rh4 40. Qg7# 1-0

[Event "28. Klatovy A 2022"]
[Site "Klatovy"]
[Date "2022.07.07"]
[Round "6.17"]
[White "Bartonicek, Zdenek"]
[Black "Novak, Vaclav2"]
[Result "0-1"]
[WhiteElo "1976"]
[BlackElo "1904"]
[PlyCount "68"]
[EventDate "2022.07.02"]
[EventType "swiss"]
[EventRounds "9"]
[EventCountry "CZE"]

1. d4 d5 2. Bf4 Nf6 3. Nf3 Bf5 4. e3 e6 5. Bd3 Bg6 6. O-O Bd6 7. Ne5 Nbd7 8. Nxg6 hxg6 9. Bxd6 cxd6 10. c4 dxc4 11. Bxc4 Qc7 12. Bd3 d5 13. f4 Rc8 14. Nd2 O-O 15. Nf3 Ne4 16. Nd2 Ndf6 17. Nb3 Rfd8 18. Qe1 Rd6 19. Rc1 Rc6 20. Rxc6 Qxc6 21. Qb4 b6 22. h3 a5 23. Qa3 Qd7 24. Rd1 Rc7 25. Nc1 Nd6 26. Ne2 Nc4 27. Bxc4 Rxc4 28. Nc3 Qc6 29. Qb3 a4 30. Qb5 Rxc3 31. Qxc6 Rxc6 32. Rd2 Ne4 33. Re2 b5 34. g4 b4 0-1

[Event "28. Klatovy A 2022"]
[Site "Klatovy"]
[Date "2022.07.07"]
[Round "6.18"]
[White "Chalus, Karel"]
[Black "Mametev, Artem"]
[Result "1/2-1/2"]
[WhiteElo "1975"]
[BlackElo "1888"]
[PlyCount "103"]
[EventDate "2022.07.02"]
[EventType "swiss"]
[EventRounds "9"]
[EventCountry "CZE"]

1. e4 c5 2. Nf3 d6 3. d4 cxd4 4. Nxd4 Nf6 5. Nc3 a6 6. g3 e5 7. Nde2 Be7 8. a4 O-O 9. Bg2 Be6 10. O-O Qd7 11. Re1 Nc6 12. Nd5 Bd8 13. f3 Bxd5 14. exd5 Ne7 15. Nc3 Ba5 16. Bd2 Bxc3 17. Bxc3 Nexd5 18. Bd2 Rac8 19. c3 Rfe8 20. Qb3 Qc7 21. Rad1 Qb6+ 22. Qxb6 Nxb6 23. b3 d5 24. a5 Nbd7 25. Bh3 g6 26. Bg5 Rxc3 27. Bxd7 Nxd7 28. Rxd5 f6 29. Rxd7 fxg5 30. Rxb7 Rxf3 31. Rf1 g4 32. b4 e4 33. b5 axb5 34. a6 e3 35. a7 e2 36. Re1 Rff8 37. Rxb5 Re7 38. Ra5 Ra8 39. Kf2 Rexa7 40. Rg5 Ra1 41. Rxe2 R1a2 42. Rge5 Rxe2+ 43. Rxe2 h5 44. Kg2 Kg7 45. Rb2 Ra5 46. h3 gxh3+ 47. Kxh3 Kf6 48. Kh4 Ra4+ 49. Kh3 Kf5 50. Rb5+ Ke4 51. Rg5 Ra6 52. Rb5 1/2-1/2

[Event "28. Klatovy A 2022"]
[Site "Klatovy"]
[Date "2022.07.07"]
[Round "6.19"]
[White "Roubal, Matyas"]
[Black "Novotny, David"]
[Result "0-1"]
[WhiteElo "1909"]
[BlackElo "1958"]
[PlyCount "126"]
[EventDate "2022.07.02"]
[EventType "swiss"]
[EventRounds "9"]
[EventCountry "CZE"]

1. e4 c5 2. Nf3 d6 3. d4 cxd4 4. Qxd4 Nf6 5. Nc3 Nc6 6. Bb5 Bd7 7. Bxc6 Bxc6 8. Bg5 e6 9. O-O-O Be7 10. Rhe1 Qa5 11. Bxf6 gxf6 12. Kb1 Rg8 13. g3 f5 14. Nd2 fxe4 15. Ndxe4 O-O-O 16. Nd2 Kb8 17. Nc4 Qc5 18. Qxc5 dxc5 19. Ne5 Rxd1+ 20. Rxd1 Be8 21. Ne4 Kc7 22. c4 f6 23. Nd3 Bg6 24. Nc3 Rd8 25. Kc2 a6 26. Ne2 b5 27. b3 Bd6 28. Nec1 Be5 29. Ne2 Rb8 30. cxb5 axb5 31. Kc1 Bd6 32. Ndf4 Bf5 33. f3 c4 34. g4 Ba3+ 35. Kd2 Rd8+ 36. Kc3 Rxd1 37. gxf5 e5 38. Ne6+ Kd6 39. bxc4 bxc4 40. Kxc4 Rf1 41. Nc3 Rxf3 42. Ng7 Rf4+ 43. Kd3 Rd4+ 44. Kc2 Ke7 45. Nb5 Rg4 46. Ne6 Rg2+ 47. Kb3 Rb2+ 48. Ka4 Bd6 49. Nc3 Rxh2 50. Nd5+ Kf7 51. Nd8+ Ke8 52. Nb7 Be7 53. Kb3 Rh3+ 54. Kb2 Ba3+ 55. Kc2 Rh2+ 56. Kb3 Rb2+ 57. Kxa3 Rxb7 58. Nxf6+ Kf8 59. Ne4 h5 60. f6 h4 61. Ng5 Rb6 62. f7 Rg6 63. Nf3 Rg3 0-1

[Event "28. Klatovy A 2022"]
[Site "Klatovy"]
[Date "2022.07.07"]
[Round "6.20"]
[White "Pick, Stepan"]
[Black "Martirosyan, David"]
[Result "0-1"]
[WhiteElo "1952"]
[BlackElo "1826"]
[PlyCount "50"]
[EventDate "2022.07.02"]
[EventType "swiss"]
[EventRounds "9"]
[EventCountry "CZE"]

1. Nf3 d5 2. c4 e6 3. g3 dxc4 4. Qa4+ Nd7 5. Bg2 a6 6. Qxc4 b5 7. Qc2 Bb7 8. a4 b4 9. O-O Ngf6 10. d3 Be7 11. Nbd2 c5 12. Nc4 a5 13. e4 O-O 14. h3 Nb6 15. Nxb6 Qxb6 16. Ne5 Rfd8 17. Nc4 Qa7 18. Be3 Nd7 19. Rac1 Rac8 20. Rfd1 Nb6 21. Nxb6 Qxb6 22. f4 Bf6 23. e5 Be7 24. Qf2 Bxg2 25. Kxg2 Qc6+ 0-1

[Event "28. Klatovy A 2022"]
[Site "Klatovy"]
[Date "2022.07.07"]
[Round "6.21"]
[White "Krauskopfova, Lenka 1996"]
[Black "Richter, Martin1"]
[Result "1-0"]
[WhiteElo "1839"]
[BlackElo "1929"]
[PlyCount "95"]
[EventDate "2022.07.02"]
[EventType "swiss"]
[EventRounds "9"]
[EventCountry "CZE"]

1. c4 b6 2. Nc3 Bb7 3. e4 e6 4. a3 c5 5. Nf3 Nc6 6. d4 cxd4 7. Nxd4 Nxd4 8. Qxd4 Nf6 9. e5 Bc5 10. Qf4 Nh5 11. Qg4 g6 12. Bg5 Be7 13. Bxe7 Qxe7 14. Qd4 O-O 15. Be2 Ng7 16. O-O-O Bxg2 17. Rhg1 Bc6 18. Bd3 Rfd8 19. Qg4 d5 20. h4 dxc4 21. Be4 Bxe4 22. Nxe4 Ne8 23. h5 Rxd1+ 24. Rxd1 c3 25. Nxc3 Rc8 26. Kb1 Ng7 27. hxg6 fxg6 28. Ne4 Nh5 29. Rh1 Kh8 30. Ng5 Rf8 31. Nxe6 Rf5 32. Nd4 Rxe5 33. Qc8+ Kg7 34. Qc3 Qf6 35. Rd1 Rc5 36. Ne6+ Kf7 37. Nxc5 Qxc3 38. bxc3 bxc5 39. Rd7+ Kf6 40. Rxh7 Nf4 41. Rxa7 Nd3 42. a4 Nxf2 43. a5 g5 44. Ra8 Kf7 45. a6 g4 46. a7 g3 47. Rf8+ Kg7 48. a8=Q 1-0

[Event "28. Klatovy A 2022"]
[Site "Klatovy"]
[Date "2022.07.07"]
[Round "6.22"]
[White "Lhotsky, Zdenek"]
[Black "Novotny, Jaroslav2"]
[Result "0-1"]
[WhiteElo "1794"]
[BlackElo "1911"]
[PlyCount "84"]
[EventDate "2022.07.02"]
[EventType "swiss"]
[EventRounds "9"]
[EventCountry "CZE"]

1. e4 c5 2. Nf3 d6 3. d4 cxd4 4. Nxd4 Nf6 5. Nc3 a6 6. Be3 e5 7. Nb3 Be7 8. f3 Be6 9. Qd2 O-O 10. O-O-O Nbd7 11. g4 b5 12. Rg1 Nb6 13. g5 Nh5 14. Na5 Qc7 15. Nd5 Nxd5 16. exd5 Bd7 17. Bd3 g6 18. h4 Rac8 19. Kb1 Bd8 20. Nc6 Bxc6 21. dxc6 d5 22. c3 Be7 23. Bf1 Rcd8 24. Qh2 Rfe8 25. Bh3 Qxc6 26. Bg4 Bc5 27. Bxc5 Qxc5 28. Bxh5 gxh5 29. f4 exf4 30. Qxf4 Qd6 31. Qf3 Qg6+ 32. Ka1 Re5 33. a3 a5 34. Rd4 b4 35. cxb4 axb4 36. Rxb4 d4 37. Qf6 Red5 38. Qf4 d3 39. Qd2 Ra5 40. Rd1 Qe6 41. Qf4 d2 42. Kb1 Qe2 0-1

[Event "28. Klatovy A 2022"]
[Site "Klatovy"]
[Date "2022.07.07"]
[Round "6.23"]
[White "Hosnedl, Jiri"]
[Black "Mach, Ondrej"]
[Result "1-0"]
[WhiteElo "1744"]
[BlackElo "1910"]
[PlyCount "71"]
[EventDate "2022.07.02"]
[EventType "swiss"]
[EventRounds "9"]
[EventCountry "CZE"]

1. d4 Nf6 2. c4 e6 3. Nc3 d5 4. cxd5 exd5 5. Bg5 c6 6. Qc2 Bd6 7. e3 O-O 8. Bd3 h6 9. Bh4 Re8 10. Nge2 Nbd7 11. Bg3 Bxg3 12. Nxg3 c5 13. O-O b6 14. Rae1 Bb7 15. f3 Rc8 16. Qf2 Nb8 17. Nf5 Nc6 18. Qg3 g6 19. Nxh6+ Kf8 20. Nxf7 Kxf7 21. Bxg6+ Kf8 22. Bxe8 Qxe8 23. e4 Nxd4 24. exd5 Qd7 25. d6 Re8 26. Rxe8+ Nxe8 27. Qf4+ Kg8 28. Re1 Nxd6 29. Qg5+ Kf7 30. Nd5 Bxd5 31. Qxd5+ Kf6 32. Re4 Ne6 33. Rh4 Nf8 34. Rh6+ Ke7 35. Qe5+ Ne6 36. Qf6+ 1-0

[Event "28. Klatovy A 2022"]
[Site "Klatovy"]
[Date "2022.07.07"]
[Round "6.24"]
[White "Pecka, Jan"]
[Black "Borovsky, Ivan 1969"]
[Result "1/2-1/2"]
[WhiteElo "1863"]
[BlackElo "1813"]
[PlyCount "32"]
[EventDate "2022.07.02"]
[EventType "swiss"]
[EventRounds "9"]
[EventCountry "CZE"]

1. Nf3 Nf6 2. c4 e6 3. d4 b6 4. Bg5 Bb4+ 5. Nbd2 h6 6. Bxf6 Qxf6 7. a3 Bxd2+ 8. Qxd2 Bb7 9. d5 exd5 10. cxd5 O-O 11. e3 Re8 12. Bc4 Ba6 13. Ba2 c5 14. Qc3 Qxc3+ 15. bxc3 d6 16. Nd2 Nd7 1/2-1/2